Vista normal
Vista MARC
Entrada Personal Name
Número de registros utilizados en: 1
001 - CONTROL NUMBER
- control field: 7322
003 - CONTROL NUMBER IDENTIFIER
- control field: OSt
005 - DATE AND TIME OF LATEST TRANSACTION
- control field: 20200804141642.0
008 - FIXED-LENGTH DATA ELEMENTS
- fixed length control field: 800717n| acannaabn |n aaa
010 ## - LIBRARY OF CONGRESS CONTROL NUMBER
- LC control number: 79122107
035 ## - SYSTEM CONTROL NUMBER
- System control number: (OCoLC)oca00353714
040 ## - CATALOGING SOURCE
- Original cataloging agency: DLC
- Language of cataloging: spa
- Description conventions: rda
- Transcribing agency: Mx-PuUPA
- Modifying agency: IEN
- Modifying agency: Mx-PuUPA
046 ## - SPECIAL CODED DATES
- Birth date: 19271017
100 1# - HEADING--PERSONAL NAME
- Personal name: Boolootian, Richard A.,
- Dates associated with a name: 1927
370 ## - ASSOCIATED PLACE
- Place of birth: Fresno, California, Estados Unidos
374 ## - OCCUPATION
- Occupation: Autor
375 ## - GENDER
- Gender: hombre
377 ## - ASSOCIATED LANGUAGE
- Language code: eng
670 ## - SOURCE DATA FOUND
- Source citation: His The coagulation of echinoderm body fluids, 1957.
670 ## - SOURCE DATA FOUND
- Source citation: Info. converted from 678, 2012-10-02
- Information found: (b. 10/17/27)
670 ## - SOURCE DATA FOUND
- Source citation: Biblioteca del Congreso (Estados Unidos), 24 mayo 2016 :
- Information found: catálogo electrónico :
- Uniform Resource Identifier: https://goo.gl/iQgkuf